000 00573nam a2200181Ia 4500
003 IN-BaIIA
008 211028s9999 xx 000 0 eng d
040 _cIIA Library
080 _a551.576
_bWOR
110 _aWorld Meteorological Organisation
_93353
245 0 _aInternational cloud atlas
_bvol. 1
_cWorld Meteorological Organisation
260 _aSwitzerland
_bWorld Meteorological Organization
_c1956
300 _a155p.
650 _aAstronomy and Astrophysics Thesaurus
650 _aAtlas-Clouds
650 _aClouds Atlas
942 _cBK
999 _c1700
_d1700